000 00706nam a2200169Ia 4500
008 090123s9999 xx 000 0 und d
082 _b33649
100 _aजायस्वाल जयनारायण
245 _aकाविळ व हत्तीपाय कारण व निवारण
250 _a1
260 _bगृह प्रकाशन
600 _aजायस्वाल जयनारायण
630 _aकाविळ व हत्तीपाय कारण व निवारण
700 _aजायस्वाल जयनारायण
730 _aकाविळ व हत्तीपाय कारण व निवारण
942 _cBOOK
999 _c71708
_d71708